Photosynthesis by D O Hall and K K Rao (Record no. 1209240)
[ view plain ]
| 000 -LEADER | |
|---|---|
| fixed length control field | 01103nam a2200313Ia 4500 |
| 003 - CONTROL NUMBER IDENTIFIER | |
| control field | OSt |
| 005 - DATE AND TIME OF LATEST TRANSACTION | |
| control field | 20221007121721.0 |
| 008 - FIXED-LENGTH DATA ELEMENTS--GENERAL INFORMATION | |
| fixed length control field | 221006b |||||||| |||| 00| 0 eng d |
| 020 ## - INTERNATIONAL STANDARD BOOK NUMBER | |
| International Standard Book Number | 0521644976 (pbk) |
| 037 ## - SOURCE OF ACQUISITION | |
| Terms of availability | Textual |
| 040 ## - CATALOGING SOURCE | |
| Original cataloging agency | BDL |
| Transcribing agency | BDL |
| Language of cataloging | eng |
| 041 ## - LANGUAGE CODE | |
| Source of code | eng |
| Language code of text/sound track or separate title | eng |
| 100 ## - MAIN ENTRY--PERSONAL NAME | |
| Personal name | Hall D O |
| 9 (RLIN) | 518454 |
| 245 #0 - TITLE STATEMENT | |
| Title | Photosynthesis by D O Hall and K K Rao |
| Remainder of title | Rao K K |
| 250 ## - EDITION STATEMENT | |
| Edition statement | Ed 6 |
| 260 ## - PUBLICATION, DISTRIBUTION, ETC. | |
| Place of publication, distribution, etc. | Cambridge |
| Name of publisher, distributor, etc. | Cambridge University Press |
| Date of publication, distribution, etc. | 1999 |
| 300 ## - PHYSICAL DESCRIPTION | |
| Extent | x,214p |
| Dimensions | cm. |
| 500 ## - GENERAL NOTE | |
| General note | Appendix 201-202p; Bibliographical refrences 203-210p; Index 211-214p; ^n23/CSL/Carb/99-2000/349^d1999-09-02^mPurchase; ; 99-2000/171^b1999-09-27^c14210/99^d1999-09-22^ePanima Educational Book Agency; ; 1999-09-28^c1999-09-28^r1999-11-22 |
| 650 ## - SUBJECT ADDED ENTRY--TOPICAL TERM | |
| Topical term or geographic name entry element | Metabolism |
| 650 ## - SUBJECT ADDED ENTRY--TOPICAL TERM | |
| Topical term or geographic name entry element | Photosynthesis |
| 9 (RLIN) | 473878 |
| 650 ## - SUBJECT ADDED ENTRY--TOPICAL TERM | |
| Topical term or geographic name entry element | Botany |
| 700 ## - ADDED ENTRY--PERSONAL NAME | |
| Personal name | Rao K K |
| 9 (RLIN) | 518455 |
| 942 ## - ADDED ENTRY ELEMENTS (KOHA) | |
| Classification part | I:33;C5, L21;N9 |
| Koha item type | Textual |
| Source of classification or shelving scheme | Colon Classification (CC) |
| Withdrawn status | Lost status | Source of classification or shelving scheme | Damaged status | Not for loan | Home library | Current library | Date acquired | Source of acquisition | Total Checkouts | Full call number | Barcode | Date last seen | Price effective from | Koha item type |
|---|---|---|---|---|---|---|---|---|---|---|---|---|---|---|
| Colon Classification (CC) | Department of Botany Library | Department of Botany Library | 2022-10-07 | Panima, | I:33;C5 L21;N9 | BD0004610 | 2022-10-07 | 2022-10-07 | Textual |
